|
|
|
|
| LEADER |
00000ntmaa2200000 a 4500 |
| 001 |
vtls012139934 |
| 003 |
SK-MaSNL |
| 005 |
20260301151317.0 |
| 008 |
230802q1301 xx || 000 1 lat |
| 035 |
|
|
|a urn:nbn:sk:snk-tm00iatu
|
| 035 |
|
|
|a B23A8F68-E8D3-4804-8D2B-297C7C8C613C
|
| 040 |
|
|
|a SNKLA
|b slo
|c SNKLA
|e AACR2
|
| 041 |
0 |
|
|a lat
|
| 044 |
|
|
|a xx
|
| 072 |
|
7 |
|a 2
|x Náboženstvo
|2 konspekt
|
| 080 |
|
|
|a 025.171
|2 2011
|
| 080 |
|
|
|a 2-528
|2 2011
|
| 080 |
|
|
|a 24-282
|2 2011
|
| 245 |
0 |
0 |
|a [Missale (Sabbato Q. T. Adventus)]
|
| 260 |
|
|
|a [Miesto vzniku nie je známe]
|c [medzi 1301 a 1350?]
|
| 300 |
|
|
|a 1 strana
|b rukopis, voľný list, perg.
|c 38 cm
|
| 500 |
|
|
|a Pergamenový list tvoriaci obal rukopisnej knihy Tabula celeberrimi capituli generalis, in conventu s. Mariae de Aracoeli Romae celebrati die 17. maii anno Domini 1625, tlač (+ Statuta generalia reformatorum a tota provincia sancti Salvatoris Hungariae in capitulo celebrato in conventu Szakolczensi de Compassione beatae virginis, die ultima Junii anno 1629, rukopis)
|
| 500 |
|
|
|a Napísané čiernym, čiastočne červeným a modrým tušom
|
| 500 |
|
|
|a Umelý názov podľa publikácie Stredoveké liturgické fragmenty z Literárneho archívu Slovenskej národnej knižnice
|
| 520 |
2 |
|
|a Fragment misála s liturgiou adventného obdobia
|
| 555 |
0 |
|
|a Inventár rukopisov Archívu literatúry a umenia Matice slovenskej. Rukopisy historických knižníc na Slovensku I. Martin : Matica slovenská 1992
|
| 610 |
2 |
7 |
|a Františkáni
|2 SNKKA
|9 174796
|
| 610 |
2 |
7 |
|a Františkánsky kláštor (Bratislava, Slovensko)
|2 SNKLA
|9 361378
|
| 610 |
2 |
7 |
|a Františkánsky konvent (Uherské Hradiště, Česko)
|2 SNKLA
|9 218206
|
| 650 |
0 |
7 |
|a liturgia
|2 SNKPH
|9 1990
|
| 655 |
|
7 |
|a rukopisy
|2 SNKPH
|9 70548
|
| 655 |
|
7 |
|a liturgické knihy
|2 SNKPH
|9 174650
|
| 655 |
|
7 |
|a misály
|2 SNKPH
|9 369705
|
| 852 |
|
|
|a Slovenská národná knižnica
|b Literárny archív
|
| 958 |
|
|
|a ZH
|
| 958 |
|
|
|a LAVD
|
| 999 |
|
|
|c 786270
|d 788200
|
| 952 |
|
|
|a SNKLA
|b SNKLA
|c SNKLA_DEP
|y NEVYP
|7 0
|p 17A1230407
|o snkRHKS 589/1
|0 0
|1 0
|4 0
|d 2022-06-17
|f 1
|l 0
|r 2026-02-24 01:20:27
|w 2026-02-24
|